Statistics for Outer Banks Season 1 Episode 5 Quiz

Click here to take the quiz!

General Stats

  • This quiz has been taken 32 times
  • The average score is 8 of 16

Answer Stats

QuestionAnswer% Correct
Who takes the blame for sinking Topper's boat?JJ
96%
Who offers to be John B's legal guardian?Ward
84%
John B broke his _____.arm
80%
How much does JJ get fined?$30k
72%
When John B wakes up, where is he?Hospital
72%
Who does Topper see when he goes into Sarah's room to talk to her?Wheezie
72%
What Ship does Sheriff Peterkin ask JJ about?The Royal Merchant
60%
What is the name of this episode?Midsummers
56%
What did Topper do to John B while he was with Sarah?Pushed him
56%
If the gold wasn't on the Royal Merchant, where has it been the whole time?At Tannyhill
40%
What is code for gold?Wheat
40%
Where does Sarah go to meet John B to give him the map?In Hawk's Nest/Kildare
32%
Where does John B tell JJ, Pope and Kiara that Sarah helped him get into?Chapel Hill
24%
Kiara gets upset and tell that Pouges that Sarah will ________.betray them
16%
Where did John B want Sarah to meet him at the party?On the balcony
12%
Where is the Midsummers party held?Island Club
4%

Score Distribution

Percentile by Number Answered

Percent of People with Each Score

Your Score History

You have not taken this quiz